Samuel Palmer : his life and art /

Bibliographic Details
Main Author: Lister, Raymond
Format: Book
Language:English
Published: Cambridge ; New York : Cambridge University Press, 1987.
Subjects:

MARC

Tag First Indicator Second Indicator Subfields
LEADER 00000cam a2200000 a 4500
001 in00000020180
005 20151007053838.0
008 870320s1987 enka b 00110beng
010 |a  87009335  
020 |a 0521328500 
035 |a (OCoLC)15489860 
035 |9 AAB3016AM 
040 |a DLC  |c DLC  |d TXA  |d UtOrBLW 
043 |a e-uk--- 
049 |a TXAM  |c [A11109173] 
050 0 0 |a ND497.P3  |b L573 1987 
082 0 |a 760/.092/4  |a B  |2 19 
100 1 |a Lister, Raymond. 
245 1 0 |a Samuel Palmer :  |b his life and art /  |c Raymond Lister. 
264 1 |a Cambridge ;  |a New York :  |b Cambridge University Press,  |c 1987. 
300 |a xx, 272 pages :  |b illustrations ;  |c 26 cm. 
336 |a text  |b txt  |2 rdacontent 
337 |a unmediated  |b n  |2 rdamedia 
338 |a volume  |b nc  |2 rdacarrier 
500 |a An expansion and rewriting of the author's Samuel Palmer : a biography, published in London by Faber and Faber in 1974. 
500 |a Includes index. 
504 |a Bibliography: pages 265-266. 
600 1 0 |a Palmer, Samuel,  |d 1805-1881. 
650 0 |a Painting, British  |y 19th century. 
650 0 |a Painters  |z Great Britain  |v Biography. 
999 |a MARS 
999 f f |s e38801e3-3157-3abd-b20a-c79f0fdf3234  |i 9eecdaa6-b99b-372e-826a-fc0891310ee9  |t 0 
952 f f |p ric  |a Texas A&M University  |b Rellis Campus  |c Joint Library Facility  |d Remote Storage  |t 0  |e ND497.P3 L573 1987  |h Library of Congress classification  |i unmediated -- volume  |m A14811109173 
998 f f |a ND497.P3 L573 1987  |t 0  |l Remote Storage